De Paris a Tiflis
Αποθηκεύτηκε σε:
| Κύριος συγγραφέας: | |
|---|---|
| Μορφή: | Βιβλίο |
| Γλώσσα: | French |
| Δημοσίευση: |
Paris :
La Decouverte/Maspero,
1983.
|
| Σειρά: | Découverte (François Maspero (Firm))
64 |
| Θέματα: | |
| Ετικέτες: |
Προσθήκη ετικέτας
Δεν υπάρχουν, Καταχωρήστε ετικέτα πρώτοι!
|
MARC
| LEADER | 00000cam a2200000 i 4500 | ||
|---|---|---|---|
| 001 | 1/30 | ||
| 008 | 950628s1983 fr | ||| |||| ||fre|| | ||
| 020 | |a 2707113611 | ||
| 035 | |l 10013933 | ||
| 040 | |a GR-MyUa |b gre |e AACR2 | ||
| 041 | 0 | |a fre | |
| 082 | 7 | |a 915.04 |2 (22) | |
| 100 | 1 | |a Chardin, John, |c Sir, |d 1643-1713. | |
| 245 | 1 | 3 | |a De Paris a Tiflis / |c Jean Chardin ; introduction, notes et bibliographie de Stephane Yerasimos. |
| 260 | |a Paris : |b La Decouverte/Maspero, |c 1983. | ||
| 300 | |a 312 σ. : |b εικ. ; |c 18 εκ. | ||
| 490 | 1 | |a (Découverte / François Maspero (Firm) ; |v 64) | |
| 651 | 0 | |a Tʻbilisi (Georgia) |x Description and travel |v Early works to 1800. | |
| 830 | 0 | |a Découverte (François Maspero (Firm)) |v 64 | |
| 852 | |a INST |b LESVOS |e 19950628 |h 915.04 CHA |p 005100008294 |q 005100008294 |t BK |y 0 | ||
| 922 | |a 1ΕΛΗ |b 199108 |c ΠΠ/160 | ||